LDR 01022naa#a2200181#i#450# 001 RU\\bibl\121997 005 20260501052447.5 011 ## _a2658-638X 100 ## _a20260319b2026####ek#y0rusy0150####ca 102 ## _aRU 200 1# _aВлияние физической подготовки на стрессоустойчивость и психологическую готовность курсантов МВД к оперативно-служебной деятельности _eЖурнальная статья 210 1# _aМосква _cМосковский университет МВД России имени В.Я. Кикотя _d2026 215 ## _a2 с. 608 ## _aЖурнальная статья _2local 675 ## _aИскусство. Декоративно-прикладное искусство. Фотография. Музыка. Игры. Спорт. 7 _z 700 #1 _aСлавко _gАлександр Лукич 700 #1 _aПарфенова _gКсения Владимировна 856 4# _amosumvd.editorum.ru _u